000 00606nam a2200193Ia 4500
003 GCL
008 140319s9999 xx 000 0 ara d
040 _aGCL /
_cGCL
082 0 4 _a219.1
_bس خ
100 1 _aسناء المصرى
245 1 0 _aخلف الحجاب : موقف الجماعات الاسلامية من المرأة /
_cسناء المصرى
300 _a118 ص
490 _a
650 0 4 _aالاسلام
650 0 4 _aالمرأة فى الحياة العامة
650 0 4 _aالاسلام والاصلاح الاجتماعى
650 0 4 _aحقوق المرأة
942 _2ddc
_cBK
999 _c44453
_d44453